000 00853nam a2200253Ia 4500
003 OSt
005 20220923225345.0
006 a|||||r|||| 00| 0
007 ta
008 220922b |||||||| |||| 00| 0 hin d
024 _a264,010
037 _cTextual
040 _aARTS
_cARTS
_bhin
041 _2hin
_ahin
082 _aN44.M5, 152N0
100 _aप्रसाद, जनेश्वर
_9156271
245 0 _aरीतिकालीन कलाएॅं और युग जीवन
246 _aRītikālīn kalāeॅan aur yug jīvana
260 _aइलाहाबाद
_b प्रयाग प्रकाशन
_c1990
300 _a172पृ.
_ccm.
650 _aललित कला
_9156314
942 _hN44.M5, 152N0
_cTEXL
_2CC
999 _c377746
_d377746